Royal Commission on Local Government in England: Local Authority Services and the characteristics of Administrative Areas by the Government Social Survey (Record no. 488120)

000 -LEADER
fixed length control field 00550cam a22001337a 4500
008 - FIXED-LENGTH DATA ELEMENTS--GENERAL INFORMATION
fixed length control field 180718b1968 xxu||||| |||| 00| 0 eng d
082 ## - DEWEY DECIMAL CLASSIFICATION NUMBER
Classification number B706x42 Un3/RP/5
100 ## - MAIN ENTRY--PERSONAL NAME
Personal name United Kingdom. Royal Commission on Local Government in England
245 ## - TITLE STATEMENT
Title Royal Commission on Local Government in England: Local Authority Services and the characteristics of Administrative Areas by the Government Social Survey
260 ## - PUBLICATION, DISTRIBUTION, ETC.
Place of publication, distribution, etc. London
Name of publisher, distributor, etc. Her Majesty's Stationery Office
Date of publication, distribution, etc. 1968
300 ## - PHYSICAL DESCRIPTION
Extent 42p.
500 ## - GENERAL NOTE
General note Research studies no 5
700 ## - ADDED ENTRY--PERSONAL NAME
Personal name Maud, John, Chairman
Holdings
Withdrawn status Lost status Damaged status Not for loan Permanent Location Current Location Date acquired Full call number Barcode Date last seen Price effective from Koha item type
        Indian Institute of Public Administration Indian Institute of Public Administration 2018-08-04 B706x42 Un3/RP/5 G9638 2018-08-04 2018-08-04 G

Powered by Koha